000 00947nam a22002897a 4500
003 CHAP
005 20220329135354.0
008 971013s1939 r 00010 d
010 _a35223
011 _a36195
035 _a40314
040 _cCHAP
090 _aFolleto 5934
110 _aMéxico. Secretaría de Agricultura y Fomento
_977108
245 _aColonización de una zona de la región sur del estado de Yucatán
_b: proyecto
260 _a(Mérida, Yuc.) :
_b(s.e),
_c1939
300 _a51 h.
_b; mapa
590 _aBATCH-UPD
_b10
_c20130110
_lUCH01
_h2002
590 _aBATCH-UPD
_b10
_c20130410
_lUCH01
_h1322
590 _aBATCH-UPD
_b10
_c20130914
_lUCH01
_h1010
590 _aCONVERSION
_b10
_c20130109
_lUCH01
_h1320
650 1 4 _aColonización agrícola
_xYucatán.
_925408
650 1 4 _aYucatán
_xCondiciones económicas.
_9123315
901 _aBK
942 _cFOLL
949 _aFolleto 5934
_bBC
_cFOLL
_d-92184
_eTS1
_i40314
_mD
_si
999 _c35223
_d35223